00345nam a2200121Ia 450000500170000000800410001708200130005810000140007124500470008526000290013230000120016150000500017320250606030742.0240331s9999 xx 000 0 und d bMARa305 aMarshel,G 0aSannadha gatumlamun kerehi balapanp andama bunicef publicationc1996 a65 p ., aA book of How armed conflict affects children